Die teuersten Fußballtransfers - Zentrale Mittelfeldspieler - Statistiken

Allgemein
  • Dieses Quiz wurde 55 mal gespielt
  • Das Durchschnittsergebnis liegt bei 9 aus 13
Antwortstatistiken
Ablöse (M €) Saison Nationalität Abgebender Verein Aufnehmender Verein Spieler % Korrekt
86,00 2019-2020 Niederlande Ajax Amsterdam FC Barcelona Frenkie de Jong
100%
105,00 2016-2017 Frankreich Juventus Turin Manchester United Paul Pogba
100%
121,00 2022-2023 Argentinien Benfica FC Chelsea Enzo Fernández
80%
45,00 2023-2024 Italien Paris SG Al-Arabi SC Marco Verratti
77%
70,00 2023-2024 Ungarn RB Leipzig FC Liverpool Dominik Szoboszlai
75%
45,00 2019-2020 Kroatien Real Madrid FC Chelsea Mateo Kovacic
75%
60,00 2018-2019 Guinea RB Leipzig FC Liverpool Naby Keïta
73%
60,00 2020-2021 Bosnien und Herzegowina Juventus Turin FC Barcelona Miralem Pjanic
66%
59,00 2018-2019 Brasilien Shakhtar D. Manchester United Fred
57%
45,00 2019-2020 Belgien AS Monaco Leicester City Youri Tielemans
52%
62,00 2023-2024 Brasilien / Portugal Wolverhampton Manchester City Matheus Nunes
48%
45,00 2022-2023 Brasilien / Portugal Sporting Wolverhampton Matheus Nunes
48%
62,00 2019-2020 Frankreich Olympique Lyon Tottenham Tanguy Ndombélé
41%
Keine übereinstimmenden Quizze gefunden
Verteilung der Resultate
Anzahl Personen mit jedem Resultat
Perzentil nach korrekt beantworteten Fragen
Ihre Resultats-Entwicklung
Sie haben dieses Quiz noch nicht gespielt